000 00629nam a2200205 i 4500
001 53574
003 ES-MaACL
005 20250905063040.0
007 t|
008 960627s1868 sp ||||1| spa d
040 _aCAM
_bspa
_cCAM
100 1 _aFalcón, Modesto,
_d1828-1902
_948708
245 1 0 _aGuía de Salamanca /
_cpor Modesto Falcón.
260 _aSalamanca :
_b[s.n.],
_c1868 (
_fEstablecimiento tipografico de Oliva)
300 _a126, [1] p. ;
_c15 cm.
651 4 _aSalamanca-
_vGuías turísticas.
_9155396
852 _aES-MaACL
_jT-1099-F-2
852 _aES-MaACL
_jT-643-F-3
999 _c53574
_d53574